LEADER 01288nam a2200289 i 4500 001 000000158453 003 CaOOAMICUS 005 20091201000000.0 008 091201s2006 it u000 u ita u 013 $a135816 020 $a88-10-15004-X 040 $aSeMil$bita 100 1 $aAcerbi, Antonio <1935-2004>.$0(OLS)http://semarc/name/15858 245 10$aCinquant'anni di Chiesa in Italia :$bi convegni ecclesiali da Roma a Verona /$cAntonio Acerbi, Giordano Frosini. 260 $aBologna :$bEDB,$ccopyr. 2006. 300 $a204 p. ;$c17 cm. 490 0 $aI libri de Il Regno ;$v4 650 4$aChiesa - Storia.$0(OLS)http://semarc/subject/8 650 4$aEcclesiologia.$0(OLS)http://semarc/subject/42996 700 1 $aFrosini, Giordano,$d<1927-2019>.$0(OLS)http://semarc/name/8003 830 2$aI libri de Il Regno ;$v4.$0(OLS)http://semarc/title/22884 850 $aSeMil 852 $aSeMil$W1$xVenegono$y1$m2F I 416$j110104$B110104$CSeMilBibl$Z2$F119739 $81 961 $aAcquisto: IBS - Internet Bookshop Italia 996 $6020$a88-10-15004-X$9(OLS)http://semarc/number/73888 996 $6245$aCinquant'anni di Chiesa in Italia :$bi convegni ecclesiali da Roma a Verona$9(OLS)http://semarc/title/139935 996 $6260$aBologna :$bEDB$9(OLS)http://semarc/publisher/29669 LEADER 01524nam a2200301 4500 001 000000361507 003 CaOOAMICUS 005 20250130105107.0 008 250130s2024 it a 000 u ita r 020 $a978-88-205-1150-0 040 $aSeMil$bita 100 1 $aPieroni, Vittorio,$d<1971- >.$0(OLS)http://semarc/name/56118 245 10$aAntonio Stoppani a Pavia :$bcollezioni e documenti /$cVittorio Pieroni, Paolo Guaschi. 264 1$a[Milano] :$bCisalpino,$c2024. 300 $a179 p. :$bill. ;$c21 cm 490 1 $aFonti e studi per la storia dell'Università di Pavia. Documenti di arte e scienza ;$v10 600 14$aStoppani, Antonio <1824-1891>.$0(OLS)http://semarc/subject/44954 650 4$aPaleontologia.$0(OLS)http://semarc/subject/8488 650 4$aPavia - Museo Kosmos - Collezioni paleontologiche.$0(OLS)http://semarc/subject/54913 700 1 $aGuaschi, Paolo.$0(OLS)http://semarc/name/118950 830 0$aFonti e studi per la storia dell'Università di Pavia. Documenti di arte e scienza ;$v10.$0(OLS)http://semarc/title/452249 850 $aSeMil 852 $aSeMil$W1$xVenegono$y1$m3X II 294$j254176$B252469$CSeMilBibl$Z2$F252469 $81 961 $aPieroni, Vittorio - Omaggio. -- Con firma autografa dell'autore 996 $6020$a978-88-205-1150-0$9(OLS)http://semarc/number/302347 996 $6245$aAntonio Stoppani a Pavia :$bcollezioni e documenti$9(OLS)http://semarc/title/452248 996 $6264$a[Milano] :$bCisalpino$9(OLS)http://semarc/publisher/47828 LEADER 01002nam a2200229 i 4500 001 000000203279 003 CaOOAMICUS 005 20110622000000.0 008 110622s1943 it u000 u ita u 013 $a181991 040 $aSeMil$bita 100 1 $aGiusti, Wolf.$0(OLS)http://semarc/name/51996 245 10$aDue secoli di pensiero politico russo :$bLe correnti "Progressiste" /$cWolf Giusti. 260 $aFirenze :$bSansoni,$cstampa 1943. 300 $a342 p. ;$c24 cm. 490 0 $aBiblioteca storica Sansoni. N.s. ;$v7. 650 4$aPolitica - Teorie - Russia - Sec. 18.-20.$0(OLS)http://semarc/subject/38270 830 0$aBiblioteca storica Sansoni. N.s. ;$v7.$0(OLS)http://semarc/title/19120 850 $aSeMil 852 $aSeMil$W1$xVenegono$y1$m3U II 101$j153775$B153775$CSeMilBibl$Z2$F164593 $81 996 $6245$aDue secoli di pensiero politico russo :$bLe correnti "Progressiste"$9(OLS)http://semarc/title/294318 996 $6260$aFirenze :$bSansoni$9(OLS)http://semarc/publisher/29843 LEADER 00645naa a2200145 i 4500 001 000000303182 003 CaOOAMICUS 005 20180831172755.0 008 180831n xx u000 u und u 013 $a10965 040 $aSeMil$bita 100 1 $aHünermann, Peter,$c.$0(OLS)http://semarc/name/13769 245 10$aTradition Einspruch und Neugewinn :$bVersuch eines Problemaufrisses. 773 0 $tWie geschieht Tradition?.$dFreiburg ; Basel ; Wien : Herder, 1991.$kQuaestiones disputatae $z3-451-02133-1$w()37275 996 $6245$aTradition Einspruch und Neugewinn :$bVersuch eines Problemaufrisses$9(OLS)http://semarc/title/379162